ការចិញ្ចឹមត្រីអណ្តែង : (Record no. 8729)
[ view plain ]
| 000 -LEADER | |
|---|---|
| fixed length control field | 01767nam a22002777a 4500 |
| 001 - CONTROL NUMBER | |
| control field | 8729 |
| 003 - CONTROL NUMBER IDENTIFIER | |
| control field | FISKH |
| 005 - DATE AND TIME OF LATEST TRANSACTION | |
| control field | 20251014152306.0 |
| 008 - FIXED-LENGTH DATA ELEMENTS--GENERAL INFORMATION | |
| fixed length control field | 251014b cb ||||| |||| 00| 0 eng d |
| 040 ## - CATALOGING SOURCE | |
| Original cataloging agency | FISKH |
| Language of cataloging | khr |
| Transcribing agency | FISKH |
| Modifying agency | FISKH |
| 082 ## - DEWEY DECIMAL CLASSIFICATION NUMBER | |
| Classification number | 639.5 |
| 100 ## - MAIN ENTRY--PERSONAL NAME | |
| Personal name | Chanthea, Nhem |
| 245 ## - TITLE STATEMENT | |
| Title | ការចិញ្ចឹមត្រីអណ្តែង : |
| Statement of responsibility, etc. | អ្នកនិពន្ធ ញ៉ែម ចន្ធា និង ហេង ម៉េង |
| 250 ## - EDITION STATEMENT | |
| Edition statement | Edition Sipar 2010 |
| 260 ## - PUBLICATION, DISTRIBUTION, ETC. | |
| Place of publication, distribution, etc. | Phnom Penh : |
| Name of publisher, distributor, etc. | Sipar , |
| Date of publication, distribution, etc. | 2010. |
| 300 ## - PHYSICAL DESCRIPTION | |
| Extent | 44 pages : |
| Other physical details | color illustrations ; |
| Dimensions | 28 cm . |
| 490 ## - SERIES STATEMENT | |
| Series statement | ងាយៗពី ...... |
| 520 ## - SUMMARY, ETC. | |
| Summary, etc. | សៀវភៅនេះបង្ហាញពីវិធីសាស្ត្រដែលងាយស្រួល និងអាចអនុវត្តបានសម្រាប់ការចិញ្ចឹមត្រីអណ្តែង ដែលជាប្រភេទត្រីមួយមានសក្ដានុពលខ្ពស់ក្នុងការចិញ្ចឹមពាណិជ្ជកម្មនៅក្នុងកម្ពុជា។ ត្រីអណ្តែងអាចរស់នៅក្នុងទឹកទាបនិងមានភាពធន់ទ្រាំខ្ពស់។ |
| 520 ## - SUMMARY, ETC. | |
| Summary, etc. | This book presents simple and practical methods for raising climbing perch, a type of fish with high potential for commercial farming in Cambodia. Climbing perch can survive in low-water conditions and are highly resilient. |
| 650 ## - SUBJECT ADDED ENTRY--TOPICAL TERM | |
| Topical term or geographic name entry element | ការចិញ្ចឹមត្រីអណ្តែង |
| 650 ## - SUBJECT ADDED ENTRY--TOPICAL TERM | |
| Topical term or geographic name entry element | Rasing catfish |
| 700 ## - ADDED ENTRY--PERSONAL NAME | |
| Personal name | Sophaleap, Nhek |
| Relator term | Illustrator |
| 700 ## - ADDED ENTRY--PERSONAL NAME | |
| Personal name | Visoth , Seng |
| Relator term | Illustrator |
| 942 ## - ADDED ENTRY ELEMENTS (KOHA) | |
| Source of classification or shelving scheme | Dewey Decimal Classification |
| Koha item type | Khmer Books |
| Suppress in OPAC | No |
| Withdrawn status | Lost status | Source of classification or shelving scheme | Damaged status | Not for loan | Collection | Home library | Current library | Shelving location | Date acquired | Total Checkouts | Full call number | Barcode | Date last seen | Copy number | Price effective from | Koha item type |
|---|---|---|---|---|---|---|---|---|---|---|---|---|---|---|---|---|
| Dewey Decimal Classification | Khmer Language Books / សៀវភៅភាសាខ្មែរ | Footprints International School Library Network Toul Tom Poung Campus | Footprints International School Library Network Toul Tom Poung Campus | TTP Secondary Khmer Bookshelves | 10/14/2025 | CHA PZ7 639.5 | FIS01804 | 10/14/2025 | 1 | 10/14/2025 | Khmer Books | |||||
| Dewey Decimal Classification | Khmer Language Books / សៀវភៅភាសាខ្មែរ | Footprints International School Library Network Toul Tom Poung Campus | Footprints International School Library Network Toul Tom Poung Campus | TTP Secondary Khmer Bookshelves | 10/14/2025 | CHA PZ7 639.5 | FIS01527 | 10/14/2025 | 2 | 10/14/2025 | Khmer Books |
